000
00265nam a2200121 a 4500
008
101022s1975|||| d
245
1
0
_a
Gepard
100
1
_a
Lampedusa, G.T.
044
_a
xo
_c
SK
041
_a
slo
260
_b
Smena
_a
Bratislava
_c
1975
020
_c
22
999
_c
12094
_d
12094